Normal view
MARC view
- Architecture, Georgian
Entry Topical Term
001 - CONTROL NUMBER
- control field: 45333
003 - CONTROL NUMBER IDENTIFIER
- control field: NUST
005 - DATE AND TIME OF LATEST TRANSACTION
- control field: 20210314133222.0
008 - FIXED-LENGTH DATA ELEMENTS
- fixed length control field: 210314|| aca||aabn | a|a d
040 ## - CATALOGING SOURCE
- Original cataloging agency: NUST
- Transcribing agency: NUST
150 ## - HEADING--TOPICAL TERM
- Topical term or geographic name entry element: Architecture, Georgian
- General subdivision: Conservation and restoration
- Geographic subdivision: Scotland
- Geographic subdivision: Edinburgh
670 ## - SOURCE DATA FOUND
- Source citation: Work cat.: (NUST): Davey Andy 45332, The care and conservation of Georgian houses :, 1995.
